[Event "Sueca op 7th"]
[Site "Sueca"]
[Date "2023.08.08"]
[Round "2"]
[White "Diaz Benitez, Ricardo"]
[Black "Chernikov, Vladimir"]
[Result "1/2-1/2"]
[WhiteElo "1958"]
[BlackElo "2225"]
[PlyCount "105"]
[EventDate "2023.08.07"]
[EventType "swiss"]
[EventRounds "9"]
[EventCountry "ESP"]
[SourceTitle "CBM 215 Extra"]
[Source "ChessBase"]
[SourceDate "2023.09.30"]
[SourceVersion "1"]
[SourceVersionDate "2023.09.30"]
[SourceQuality "1"]

1. d4 c5 2. c3 Nf6 3. Nf3 d5 4. Bf4 Nc6 5. e3 Qb6 6. Qc2 g6 7. Nbd2 Bf5 8. dxc5 Qxc5 9. Qb3 Qb6 10. Qxb6 axb6 11. Bb5 Bg7 12. h3 0-0 13. g4 Bd7 14. 0-0 h5 15. g5 Ne4 16. Kg2 Nxd2 17. Nxd2 Ne5 18. Bxd7 Nxd7 19. Nf3 Nc5 20. Rfd1 Na4 21. Rxd5 Nxb2 22. Be5 Bxe5 23. Nxe5 Rfd8 24. Rxd8+ Rxd8 25. Rb1 Nd1 26. Nc4 Rd5 27. Kf1 b5 28. Nb6 Rd6 29. Rxb5 Nxc3 30. Rb2 Kf8 31. a4 Ke8 32. a5 Rd1+ 33. Kg2 Ne4 34. Nc4 Rc1 35. Rxb7 Rxc4 36. a6 Ra4 37. a7 Nxg5 38. Rb8+ Kd7 39. a8Q Rxa8 40. Rxa8 Ne4 41. f3 Nd6 42. e4 e5 43. h4 Ke6 44. Rg8 Nb5 45. Rb8 Nd4 46. Rb6+ Ke7 47. Rb7+ Kf6 48. Rb6+ Ne6 49. Kg3 Kg7 50. Rb5 Kf6 51. Rb6 Kg7 52. Rb5 Kf6 53. Rb6 1/2-1/2

[Event "Titled Tuesday intern op 27th Sep Early"]
[Site "Chess.com INT"]
[Date "2022.09.27"]
[Round "2"]
[White "Chernikov, Vladimir"]
[Black "Johnson, Ben"]
[Result "0-1"]
[WhiteElo "2255"]
[BlackElo "2050"]
[PlyCount "190"]
[EventDate "2022.09.27"]
[EventType "swiss (blitz)"]
[EventRounds "11"]
[EventCountry "USA"]
[SourceTitle "CBM 210 Extra"]
[Source "ChessBase"]
[SourceDate "2022.11.30"]
[SourceVersion "1"]
[SourceVersionDate "2022.11.30"]
[SourceQuality "1"]

1. b3 e5 2. Bb2 Nc6 3. c4 Nf6 4. e3 g6 5. Nf3 e4 6. d4 exf3 7. d5 Nb8 8. Qxf3 Bg7 9. Nc3 0-0 10. h4 h5 11. Bd3 d6 12. Qg3 Qe7 13. 0-0-0 a5 14. Rde1 Nbd7 15. f4 Nc5 16. Bc2 Nfe4 17. Nxe4 Bxb2+ 18. Kxb2 Nxe4 19. Qf3 Bf5 20. g4 hxg4 21. Qg2 Nf6 22. e4 Bd7 23. e5 dxe5 24. fxe5 Nh5 25. e6 Qf6+ 26. Kb1 fxe6 27. Qxg4 Kh7 28. Qxh5+ Kg7 29. Bxg6 Qxg6+ 30. Qxg6+ Kxg6 31. dxe6 Bc6 32. Rhg1+ Kh6 33. e7 Rg8 34. Re6+ Kh7 35. Rf1 Rae8 36. h5 Rg7 37. Rfe1 Bf3 38. R1e5 Rf7 39. Kb2 Bc6 40. Rxa5 Rf2+ 41. Kc3 Rf7 42. Rae5 Kg7 43. Rg6+ Kh7 44. Rge6 Bd7 45. Rg6 Rexe7 46. Rxe7 Rxe7 47. a4 Re5 48. Rg1 Rxh5 49. Re1 Rg5 50. b4 Kh6 51. b5 Rg7 52. Kb4 Kg6 53. Rf1 Rf7 54. Rd1 Kf6 55. a5 Ke7 56. a6 bxa6 57. bxa6 Rf2 58. Ra1 Bc6 59. Kc5 Bg2 60. a7 Ba8 61. Ra6 Kd7 62. Kb4 Rf5 63. c5 Rf4+ 64. Kb5 Rf1 65. c6+ Kd6 66. Kb4 Rb1+ 67. Kc3 Rb6 68. Ra1 Rxc6+ 69. Kb4 Rb6+ 70. Ka5 Kc6 71. Rc1+ Kb7 72. Ka4 Ra6+ 73. Kb5 Rxa7 74. Rg1 Ra6 75. Rg8 Rb6+ 76. Kc5 Rh6 77. Rg7 Rh5+ 78. Kb4 Kb6 79. Rg6+ Bc6 80. Rf6 Rh4+ 81. Kc3 Kc5 82. Rf5+ Bd5 83. Rg5 c6 84. Kd2 Rh3 85. Kc2 Ra3 86. Kb2 Rf3 87. Kc2 Kd4 88. Rg4+ Be4+ 89. Kd2 c5 90. Ke2 Ra3 91. Ke1 c4 92. Kd2 c3+ 93. Ke1 Ra2 94. Rg8 Ke3 95. Rg3+ Bf3 0-1

[Event "Titled Tuesday intern op 20th Sep Early"]
[Site "Chess.com INT"]
[Date "2022.09.20"]
[Round "3"]
[White "Zaksaite, Salomeja"]
[Black "Chernikov, Vladimir"]
[Result "1-0"]
[WhiteElo "2194"]
[BlackElo "2255"]
[PlyCount "33"]
[EventDate "2022.09.20"]
[EventType "swiss (blitz)"]
[EventRounds "11"]
[EventCountry "USA"]
[SourceTitle "EXT 2023"]
[Source "ChessBase"]
[SourceDate "2022.10.05"]
[SourceVersion "1"]
[SourceVersionDate "2022.10.05"]
[SourceQuality "1"]

1. e4 d6 2. d4 Nf6 3. Nc3 e5 4. Nf3 Nbd7 5. Rg1 g6 6. g4 exd4 7. Nxd4 Ne5 8. g5 c5 9. gxf6 cxd4 10. Nd5 a6 11. Be2 Be6 12. Qxd4 Bxd5 13. Qxd5 Qxf6 14. Bg5 Nf3+ 15. Bxf3 Qxf3 16. Qxb7 Rd8 17. Qc6+ 1-0

[Event "Sueca op 6th"]
[Site "Sueca"]
[Date "2022.07.27"]
[Round "3"]
[White "Chernikov, Vladimir"]
[Black "Cortes Marti, Javier"]
[Result "0-1"]
[WhiteElo "2258"]
[BlackElo "1996"]
[PlyCount "92"]
[EventDate "2022.07.25"]
[EventType "swiss"]
[EventRounds "9"]
[EventCountry "ESP"]
[SourceTitle "CBM 209 Extra"]
[Source "ChessBase"]
[SourceDate "2022.09.30"]
[SourceVersion "1"]
[SourceVersionDate "2022.09.30"]
[SourceQuality "1"]

1. Nf3 Nf6 2. b3 g6 3. Bb2 Bg7 4. g3 b6 5. Bg2 Bb7 6. 0-0 0-0 7. c4 c5 8. Nc3 d5 9. Ne5 e6 10. Qc1 Qe7 11. d4 Na6 12. dxc5 Nxc5 13. b4 Na6 14. cxd5 exd5 15. Nd3 Rac8 16. b5 Nc5 17. Nxc5 bxc5 18. e3 d4 19. Na4 Bxg2 20. Kxg2 Qb7+ 21. Kg1 Qxb5 22. Qc2 Nd5 23. Rab1 Nb4 24. Qd1 Rfd8 25. a3 dxe3 26. Qb3 Rd3 27. Bc3 a5 28. axb4 cxb4 29. fxe3 Qe8 30. Rf3 Bxc3 31. Rbf1 Rc7 32. Nb6 Rxe3 33. Nd5 Rxf3 34. Rxf3 Bd4+ 35. Kg2 Qe2+ 36. Kh3 Qe6+ 37. g4 h5 38. Nf6+ Bxf6 39. Qxe6 fxe6 40. Rxf6 hxg4+ 41. Kxg4 Kg7 42. Rxe6 a4 43. Ra6 a3 44. Ra4 Rb7 45. Kg5 b3 46. Ra6 Rb5+ 0-1

[Event "Valencia Cuna op 3rd"]
[Site "Valencia"]
[Date "2022.07.16"]
[Round "8"]
[White "Chernikov, Vladimir"]
[Black "Cruz, Cristhian"]
[Result "0-1"]
[WhiteElo "2258"]
[BlackElo "2579"]
[PlyCount "136"]
[EventDate "2022.07.11"]
[EventType "swiss"]
[EventRounds "9"]
[EventCountry "ESP"]
[SourceTitle "CBM 209 Extra"]
[Source "ChessBase"]
[SourceDate "2022.09.30"]
[SourceVersion "1"]
[SourceVersionDate "2022.09.30"]
[SourceQuality "1"]

1. b3 d5 2. Bb2 c5 3. e3 Nf6 4. Nf3 g6 5. c4 dxc4 6. Bxc4 Bg7 7. 0-0 0-0 8. d4 cxd4 9. Nxd4 a6 10. a4 Bg4 11. Qc2 e5 12. Nf3 Bxf3 13. gxf3 Nc6 14. b4 e4 15. fxe4 Nxb4 16. Qc3 Qe7 17. Nd2 Rac8 18. a5 Rfd8 19. Rad1 Nd3 20. Qa3 Qxa3 21. Bxa3 Bf8 22. Bxf8 Kxf8 23. Bxd3 Rxd3 24. e5 Ng4 25. Nf3 Rxd1 26. Rxd1 Rc2 27. Rd7 Rxf2 28. Nd4 Rb2 29. e6 fxe6 30. Nxe6+ Ke8 31. Rc7 Nxe3 32. Ng7+ Kd8 33. Ne6+ Ke8 34. Ng7+ Kf8 35. Ne6+ Kg8 36. Rg7+ Kh8 37. Re7 h5 38. Nc5 Rg2+ 39. Kh1 Rc2 40. Nd3 Ng4 41. Rxb7 Rxh2+ 42. Kg1 Ra2 43. Nf4 Ne5 44. Re7 Nf3+ 45. Kf1 Nh2+ 46. Kg1 Nf3+ 47. Kf1 Nh4 48. Re6 Rxa5 49. Nxg6+ Nxg6 50. Rxg6 Kh7 51. Rc6 Ra4 52. Kg2 a5 53. Ra6 Ra1 54. Kh2 a4 55. Kg2 a3 56. Kh2 Kg7 57. Kg2 Kf7 58. Kh2 Ke7 59. Kg2 Kd7 60. Rh6 Rb1 61. Ra6 Rb3 62. Ra5 h4 63. Ra4 h3+ 64. Kh2 Kc6 65. Rh4 Kb5 66. Rh5+ Kb4 67. Rh4+ Kc3 68. Rxh3+ Kb2 0-1

[Event "Titled Tuesday intern op 01st Mar Late"]
[Site "Chess.com INT"]
[Date "2022.03.01"]
[Round "1"]
[White "Chernikov, Vladimir"]
[Black "Iskusnyh, Sergei"]
[Result "0-1"]
[WhiteElo "2225"]
[BlackElo "2473"]
[PlyCount "76"]
[EventDate "2022.03.01"]
[EventType "swiss (blitz)"]
[EventRounds "11"]
[EventCountry "USA"]
[SourceTitle "CBM 207 Extra"]
[Source "ChessBase"]
[SourceDate "2022.05.31"]
[SourceVersion "1"]
[SourceVersionDate "2022.05.31"]
[SourceQuality "1"]

1. c4 c5 2. Nc3 g6 3. g3 Bg7 4. Bg2 Nc6 5. Nf3 d6 6. 0-0 e6 7. Rb1 Nge7 8. a3 b6 9. b4 Bb7 10. Qc2 0-0 11. h4 h6 12. d3 Qd7 13. e3 Rac8 14. Rd1 e5 15. Kh2 Ba8 16. bxc5 dxc5 17. Bb2 Rcd8 18. Ne1 Qc8 19. Nd5 Nxd5 20. Bxd5 Ne7 21. Bxa8 Qxa8 22. f4 Nf5 23. Ng2 exf4 24. gxf4 Qf3 25. Bxg7 Kxg7 26. Kg1 Nxe3 27. Nxe3 Qxe3+ 28. Qf2 Rfe8 29. a4 Rd4 30. a5 Qxf2+ 31. Kxf2 Rxf4+ 32. Kg3 Rf6 33. a6 Re3+ 34. Kg2 Rd6 35. d4 cxd4 36. c5 bxc5 37. Rb7 Rxa6 38. Rf1 Rf6 0-1

[Event "Titled Tuesday intern op 01st Feb-B"]
[Site "Chess.com INT"]
[Date "2022.02.02"]
[Round "4"]
[White "Chernikov, Vladimir"]
[Black "Debray, Christopher"]
[Result "1-0"]
[WhiteElo "2225"]
[BlackElo "2365"]
[PlyCount "101"]
[EventDate "2022.02.02"]
[EventType "swiss (blitz)"]
[EventRounds "11"]
[EventCountry "USA"]
[SourceTitle "CBM 206 Extra"]
[Source "ChessBase"]
[SourceDate "2022.03.31"]
[SourceVersion "1"]
[SourceVersionDate "2022.03.31"]
[SourceQuality "1"]

1. c4 g6 2. Nc3 Bg7 3. g3 d6 4. Bg2 Nd7 5. e3 e5 6. Nge2 Ngf6 7. 0-0 0-0 8. b3 c6 9. Bb2 Re8 10. d4 Qe7 11. a4 a5 12. Ba3 e4 13. Qc2 Nf8 14. Rad1 Bg4 15. h3 Bf3 16. d5 c5 17. Nb5 g5 18. Bb2 Ng6 19. Rfe1 Ne5 20. Bxe5 Qxe5 21. Nc7 h5 22. Nxa8 Rxa8 23. Bxf3 exf3 24. Nd4 Ne4 25. Nxf3 Qf5 26. Kg2 Re8 27. Re2 Qf6 28. Nd2 Nc3 29. Rde1 Nxe2 30. Rxe2 Bh6 31. Ne4 Qg6 32. Nc3 Qf6 33. f4 g4 34. h4 Bg7 35. Ne4 Qg6 36. Ng5 Qxc2 37. Rxc2 Rxe3 38. Kf2 Rxb3 39. Re2 Kf8 40. Ne4 Bd4+ 41. Kg2 Rb4 42. Nxd6 Rxa4 43. Re8+ Kg7 44. Nf5+ Kf6 45. Nxd4 cxd4 46. d6 Ra2+ 47. Kf1 d3 48. d7 d2 49. d8Q+ Kg7 50. Rg8+ Kh6 51. Qf6+ 1-0

[Event "Titled Tuesday intern op 01st Feb-B"]
[Site "Chess.com INT"]
[Date "2022.02.02"]
[Round "2"]
[White "Dauner, Benedikt"]
[Black "Chernikov, Vladimir"]
[Result "1-0"]
[WhiteElo "2331"]
[BlackElo "2225"]
[PlyCount "121"]
[EventDate "2022.02.02"]
[EventType "swiss (blitz)"]
[EventRounds "11"]
[EventCountry "USA"]
[SourceTitle "CBM 206 Extra"]
[Source "ChessBase"]
[SourceDate "2022.03.31"]
[SourceVersion "1"]
[SourceVersionDate "2022.03.31"]
[SourceQuality "1"]

1. d4 Nf6 2. Nf3 c5 3. d5 b5 4. e4 Nxe4 5. Bd3 Nd6 6. 0-0 Bb7 7. Bf4 Bxd5 8. Bxd6 exd6 9. Re1+ Be6 10. Bxb5 Be7 11. Nc3 0-0 12. Ne4 d5 13. Ng3 Qb6 14. a4 a6 15. Bf1 Nc6 16. b3 Bf6 17. Rc1 Rfe8 18. Bd3 Nb4 19. Bf5 Bxf5 20. Nxf5 Rxe1+ 21. Qxe1 Qe6 22. Ne3 Re8 23. Qd2 d4 24. Nc4 Qc6 25. Re1 Rxe1+ 26. Nxe1 d5 27. Nb2 Qe6 28. Nbd3 Nxd3 29. Nxd3 c4 30. Nf4 Qe4 31. f3 Qe3+ 32. Qxe3 dxe3 33. Nxd5 Bd4 34. Kf1 cxb3 35. cxb3 f5 36. Ke2 Be5 37. f4 Bd6 38. g3 Kf7 39. Nxe3 Ke6 40. Kd3 h6 41. Kc4 g5 42. Ng2 Be7 43. b4 Kd6 44. b5 axb5+ 45. axb5 Bd8 46. Ne3 Ke6 47. Nd5 gxf4 48. gxf4 h5 49. b6 Bxb6 50. Nxb6 h4 51. Nd5 Kf7 52. Ne3 Kg6 53. Kd5 Kh5 54. Ke5 h3 55. Kxf5 Kh4 56. Ke4 Kh5 57. Kf3 Kh4 58. Nf1 Kh5 59. Kg3 Kg6 60. Kxh3 Kf6 61. Kg3 1-0

[Event "Titled Tuesday intern op 01st Feb-B"]
[Site "Chess.com INT"]
[Date "2022.02.02"]
[Round "6"]
[White "Przybylski, Wojciech"]
[Black "Chernikov, Vladimir"]
[Result "1-0"]
[WhiteElo "2321"]
[BlackElo "2225"]
[PlyCount "99"]
[EventDate "2022.02.02"]
[EventType "swiss (blitz)"]
[EventRounds "11"]
[EventCountry "USA"]
[SourceTitle "CBM 206 Extra"]
[Source "ChessBase"]
[SourceDate "2022.03.31"]
[SourceVersion "1"]
[SourceVersionDate "2022.03.31"]
[SourceQuality "1"]

1. e4 d6 2. d4 Nf6 3. Nc3 e5 4. Nf3 Nbd7 5. Bc4 Be7 6. 0-0 0-0 7. a4 c6 8. a5 Nxe4 9. Nxe4 d5 10. Nxe5 Nxe5 11. dxe5 dxc4 12. Nd6 Bxd6 13. Qxd6 Be6 14. Qxd8 Rfxd8 15. Be3 Rd5 16. f4 Bf5 17. Rfc1 a6 18. Ra4 Rb5 19. Bd4 Rd8 20. Bc3 Rbd5 21. Raa1 h5 22. Kf1 Be4 23. Kf2 h4 24. g4 h3 25. Kg3 Bg2 26. f5 Kf8 27. Re1 Ke7 28. Ra4 Rd1 29. Rxc4 Rxe1 30. Bxe1 Rd5 31. Bc3 f6 32. e6 g6 33. Bb4+ Ke8 34. Rf4 g5 35. Rf2 c5 36. Bc3 Ke7 37. Rd2 Rxd2 38. Bxd2 Bf1 39. Kf2 Bg2 40. Be3 Kd6 41. Ke2 Be4 42. c4 Bg2 43. Bf2 Be4 44. Bg3+ Ke7 45. Bc7 Bc2 46. Bb6 Kd6 47. Bd8 Bb3 48. Bxf6 Bxc4+ 49. Ke3 Bd5 50. Bxg5 1-0

[Event "Titled Tuesday intern op 11th Jan"]
[Site "Chess.com INT"]
[Date "2022.01.11"]
[Round "1"]
[White "Chernikov, Vladimir"]
[Black "De Silva, LMST"]
[Result "1-0"]
[WhiteElo "2225"]
[BlackElo "2193"]
[PlyCount "57"]
[EventDate "2022.01.11"]
[EventType "swiss (blitz)"]
[EventRounds "11"]
[EventCountry "USA"]
[SourceTitle "CBM 206 Extra"]
[Source "ChessBase"]
[SourceDate "2022.03.31"]
[SourceVersion "1"]
[SourceVersionDate "2022.03.31"]
[SourceQuality "1"]

1. d4 Nf6 2. Nc3 d5 3. Bf4 a6 4. e3 b5 5. Nf3 Bb7 6. Bd3 e6 7. 0-0 Bd6 8. Ne5 c5 9. dxc5 Bxc5 10. a4 b4 11. Ne2 a5 12. Nd4 0-0 13. Qf3 Nbd7 14. Qh3 Ne4 15. Nxe6 fxe6 16. Qxe6+ Kh8 17. Nxd7 Bc8 18. Qxd5 Bxd7 19. Bxe4 Qe7 20. Rad1 Rad8 21. Qh5 Qxe4 22. Qxc5 Bc6 23. f3 Qe6 24. Qxa5 Rxd1 25. Rxd1 h6 26. Qxb4 Re8 27. Rd6 Qe7 28. Qd4 Qh4 29. Rxh6+ 1-0

[Event "Titled Tuesday intern op 04th Jan"]
[Site "Chess.com INT"]
[Date "2022.01.04"]
[Round "2"]
[White "Chernikov, Vladimir"]
[Black "Bogumil, Tatiana"]
[Result "1-0"]
[WhiteElo "2225"]
[BlackElo "2182"]
[PlyCount "85"]
[EventDate "2022.01.04"]
[EventType "swiss (blitz)"]
[EventRounds "11"]
[EventCountry "USA"]
[SourceTitle "EXT 2023"]
[Source "ChessBase"]
[SourceDate "2022.10.05"]
[SourceVersion "1"]
[SourceVersionDate "2022.10.05"]
[SourceQuality "1"]

1. d4 Nf6 2. Nc3 c5 3. d5 d6 4. e4 g6 5. Nf3 Bg7 6. Bb5+ Nfd7 7. a4 0-0 8. 0-0 Na6 9. Bf4 Nc7 10. Be2 Nf6 11. Qd3 b6 12. Rfe1 Ba6 13. Nb5 Bb7 14. Nxc7 Qxc7 15. c4 Nh5 16. Bc1 a6 17. Rb1 b5 18. axb5 axb5 19. cxb5 Ra2 20. b4 cxb4 21. Rxb4 Rc8 22. Rc4 Qxc4 23. Qxc4 Rxc4 24. Bxc4 Ra1 25. Bg5 Ra4 26. Bf1 Nf6 27. Nd2 h6 28. Bf4 Nd7 29. Rc1 Nc5 30. Nc4 Bd4 31. Nb6 Rb4 32. Be3 Bxe3 33. fxe3 Rxe4 34. Kf2 Rb4 35. Kf3 f5 36. Ra1 Kf7 37. Ra7 g5 38. Nd7 g4+ 39. Kg3 Bxd5 40. Nb8 Be6 41. Nc6 Rb2 42. Rxe7+ Kf6 43. Rh7 1-0